Équipe de France de rugby à XV - Vainqueurs du Tournoi des Six Nations 2026 en images. - Statistiques

Statistiques générales
  • Ce quiz a été pris 63 fois
  • Le résultat moyen est 28 sur 34
Statistiques - réponses
Joueur Joueur % Correct
Antoine Dupont
98%
Matthieu Jalibert
98%
Thomas Ramos
98%
Charles Ollivon
96%
Julien Marchand
96%
Baptiste Serin
92%
François Cros
92%
Jean-Baptiste Gros
92%
Louis Bielle-Biarrey
92%
Yoram Moefana
92%
Anthony Jelonch
88%
Peato Mauvaka
88%
Thibaut Flament
88%
Théo Attissogbe
86%
Mickaël Guillard
84%
Oscar Jégou
84%
Emmanuel Meafou
82%
Demba Bamba
80%
Dorian Aldegheri
80%
Emilien Gailleton
80%
Nicolas Depoortère
76%
Rodrigue Neti
76%
Pierre-Louis Barassi
75%
Fabien Brau-Boirie
73%
Maxime Lamothe
73%
George-Henri Colombe
71%
Kalvin Gourgues
71%
Lenni Nouchi
71%
Gaël Dréan
69%
Hugo Auradou
69%
Régis Montagne
69%
Joshua Brennan
59%
Noah Nene
57%
Temo Matiu
57%
Aucun quiz correspondant
Distribution des résultats
% des personnes avec chaque résultat
Percentile par nombre de réponses
Votre historique - résultats
Vous n’avez pas pris ce quiz